Narodna prosveta.
| Format: | Serial |
|---|---|
| Language: | Undetermined |
| Published: |
Sofija
Organ na centraalnija komitet na profosjuza
1956
|
MARC
| LEADER | 00000nas a2200000 a 4500 | ||
|---|---|---|---|
| 001 | vtls001330563 | ||
| 003 | SK-MaSNL | ||
| 005 | 20260221112401.0 | ||
| 008 | 980511s1956 xx 0 und c | ||
| 035 | |a SNK000283430 | ||
| 040 | |a SNK |b slo |c SNK |e AACR2 | ||
| 245 | 1 | |a Narodna prosveta. | |
| 260 | |a Sofija |b Organ na centraalnija komitet na profosjuza |c 1956 | ||
| 850 | |a Slovenská národná knižnica v Martine | ||
| 999 | |c 176 |d 2106 | ||
| 952 | |0 0 |1 1 |4 0 |7 0 |a SNK |b SNK |d 1998-05-11 |l 0 |o snkČC 694/12/1956 |p 17A0137703 |r 2005-01-02 00:00:00 |t P60, <06>, [BOOK], {606} |w 2026-02-21 |y PREZ | ||


